LEADER 00632nam a2200193 i 4500 001 000000242808 003 CaOOAMICUS 005 20150616000000.0 008 150616s1843 it u000 u ita u 013 $a221713 040 $aSeMil$bita 245 10$aTomo 6. 300 $a219 p. 773 0 $tTutte le opere del padre Agostino da Fusignano predicatore cappuccino.$dVenezia : G. Antonelli, 1843-1844.$g6$w()32050 850 $aSeMil 852 $aSeMil$W1$xVenegono$y1$m3F IV 54 FA$j193154$B193154$CSeMilBibl$Z2$F203943 $8I 941 1 $a10 961 $aRecupero: Mantegazza 996 $6245$aTomo 6$9(OLS)http://semarc/title/194410 LEADER 01187nam a2200253 i 4500 001 000000215635 003 CaOOAMICUS 005 20230912114958.0 008 120830s1930 it u000 u ita u 013 $a194510 040 $aSeMil$bita 100 1 $aDe Maurizi, Giovanni.$0(OLS)http://semarc/name/61561 245 13$aIl nuovo comune di Craveggia in Valle Vigezzo :$bCraveggia, Vocogno, Toceno : noterelle storiche /$cGiovanni De Maurizi. 260 $aDomodossola :$bCartografica C. Antonioli,$c1930. 300 $a266 p., [15] c. di tav. :$bill. ;$c23 cm. 650 4$aVal Vigezzo.$0(OLS)http://semarc/subject/44807 650 4$aCraveggia.$0(OLS)http://semarc/subject/32683 650 4$aCraveggia - Vocogno.$0(OLS)http://semarc/subject/40165 650 4$aToceno.$0(OLS)http://semarc/subject/40166 850 $aSeMil 852 $aSeMil$W1$xVenegono$y1$m3P III 104$j166055$B166055$CSeMilBibl$Z2$F177003 $81 996 $6245$aIl nuovo comune di Craveggia in Valle Vigezzo :$bCraveggia, Vocogno, Toceno : noterelle storiche$9(OLS)http://semarc/title/310383 996 $6260$aDomodossola :$bCartografica C. Antonioli$9(OLS)http://semarc/publisher/52955